<?xml version="1.0" encoding="UTF-8" ?>
<collection xmlns="http://www.loc.gov/MARC21/slim"><record><leader>00921nam a2200193 c 4500</leader><controlfield tag="001">167937</controlfield><controlfield tag="003">Zü176</controlfield><controlfield tag="005">20161216135732.0</controlfield><datafield tag="035" ind1=" " ind2=" "><subfield code="a">(OCoLC)938798643</subfield></datafield><datafield tag="041" ind1=" " ind2=" "><subfield code="a">ger</subfield></datafield><datafield tag="100" ind1="1" ind2="0"><subfield code="0">(uri)http://d-nb.info/gnd/118551817</subfield><subfield code="a">Hodler, Ferdinand</subfield><subfield code="d">1853-1918</subfield><subfield code="e">Verfasser</subfield><subfield code="4">aut</subfield></datafield><datafield tag="245" ind1="0" ind2="0"><subfield code="a">Telegramm, Genéve, 5.I.1917, Adresse: Sekretariat Kunsthaus Zuerich</subfield><subfield code="b">Landschaft bei Champery 5000 Frauenprofil Taenzerinn 5000 Maedchenkopf 3000 Maedchen schwarz 4000 Portraet Haende in Tasche ist Martin Schriftsteller von Stockholm</subfield><subfield code="c">Hodler</subfield><subfield code="h">Typoskript</subfield></datafield><datafield tag="260" ind1=" " ind2=" "><subfield code="a">Genève</subfield><subfield code="c">1917</subfield></datafield><datafield tag="300" ind1=" " ind2=" "><subfield code="a">1 Blatt</subfield><subfield code="c">17,8 x 22,8 cm</subfield></datafield><datafield tag="600" ind1="1" ind2="7"><subfield code="a">Hodler, Ferdinand</subfield><subfield code="d">1853-1918</subfield><subfield code="x">Telegramm</subfield><subfield code="2">gnd</subfield></datafield><datafield tag="610" ind1="2" ind2="7"><subfield code="a">Kunsthaus Zürich</subfield><subfield code="x">Ausstellung</subfield><subfield code="x">Geschäftsbrief</subfield><subfield code="2">gnd</subfield></datafield><datafield tag="710" ind1="2" ind2="0"><subfield code="a">Kunsthaus Zürich</subfield><subfield code="e">Adressat</subfield></datafield><datafield tag="852" ind1="4" ind2="0"><subfield code="a">CH-000273-5</subfield><subfield code="c">10.30.30.163.hodler.19170105</subfield></datafield><datafield tag="856" ind1="4" ind2="1"><subfield code="u">https://digital.kunsthaus.ch/viewer/image/167937/1/</subfield><subfield code="y">Kunsthaus Zürich Sammlungen online</subfield></datafield></record></collection>